000 00326nam a22001457a 4500
008 211012b ||||| |||| 00| 0 eng d
020 _aX000TD1HUB
041 _aeng
080 _23rd
_a070
082 _a070
100 _a40
101 _aMED
245 _aPublic Speaking The Evolving Art
_cCoopman,S.J
942 _2udc
_cBK
999 _c58171
_d58171